000 00652nam a2200205Ia 4500
005 20250508165924.0
008 008 250505s9999 xx 000 0 eng d
037 _aTextual
040 _aFEDL
_beng
_cFEDL
041 _aeng
_2eng
084 _a155.413, RIC
_qFEDL
100 _aRichardson Ken Ed.
245 0 _aCognitive development to adolescence: A reader
260 _aHove, UK
_bLawrence Erlbaum Associates Ltd.
_c1988
300 _aix, 321p.
546 _aGifted by HOD Namita Ranganathan in memory of Prof. Arvind Gaysu
700 _a Sheldon Sue Ed.
_9782423
942 _cTEXL
_h155.413, RIC
999 _c1398205
_d1398205